Respiratory function in chronically ill children with asthma and neurodermatitis under sauna treatment

Bibliographic Details
Main Authors: Menger, W. (Author), Menger, D. (Author), Menger, H. (Author)
Format: Article
Language:Slovak
English
PhysicalDescription:Grafy 2., lit. 15 zázn. v nem.
Subjects:

MARC

LEADER 00000nab a2200000 a 4500
001 vtls000176298
003 SK-MaSNL
005 20260305020358.0
008 250422c1983 xo 0 slo
015 |a SNBRB19rr/mm-uuuuu 
035 |a CL0186411 
035 |a urn:nbn:sk:snk-ab7fan 
035 |a (urnnbn)urn:nbn:sk:snk:ar-005d58 
035 |a (uuid)1e553d0e-1684-4b09-af42-0ddd9491806e 
040 |a SNKBUCL  |b slo  |c SNKBUCL  |e AACR2 
041 0 |a eng 
044 |a xo  |c SK 
080 |a 615.832.1:616.5:616.248-053.2  |2 1981 
080 |a 616.5  |2 1981 
080 |a 616.248-053.2  |2 1981 
100 1 |a Menger, W.  |4 aut  |9 1444568 
245 1 0 |a Respiratory function in chronically ill children with asthma and neurodermatitis under sauna treatment  |c W. Menger, D. Menger, H. Menger 
300 |b Grafy 2., lit. 15 zázn. v nem. 
650 0 7 |a astma  |2 snkbucl  |9 2427 
650 0 7 |a neurodermatitída  |2 snkbucl  |9 204200 
650 0 7 |a fínske kúpele  |2 snkbucl  |9 2587 
655 7 |a články z novín a časopisov  |2 snkbucl  |9 267496 
700 1 |a Menger, D.  |4 aut  |9 1595955 
700 1 |a Menger, H.  |4 aut  |9 1595956 
773 0 |t Rehabilitácia  |g Roč. 16, Suplementum 26-27 (1983), s. 122-124 
850 |a Slovenská národná knižnica 
852 |a Slovenská národná knižnica 
954 |a odborná, vedecká literatúra cudzojazyčná (svetová)  |2 lita 
958 |a article7 
958 |a RK 
958 |a MI 
958 |a NB 
958 |a OND 
958 |a EUIPO 
992 |a RBX 
999 |c 3280402  |d 3282332